[Event "20. Open Ciutat de Montcada 2010"]
[Site "Montcada i Reixac ESP"]
[Date "2012.06.26"]
[Round "2.15"]
[White "Rodriguez, Eric"]
[Black "Perez Mitjans, Orelvis"]
[Result "0-1"]
[WhiteElo "2311"]
[BlackElo "2471"]
[PlyCount "52"]
[EventDate "2012.06.25"]
[EventType "swiss"]
[EventRounds "9"]
[EventCountry "ESP"]
[Source "lmi"]
[SourceDate "2012.06.25"]

1. e4 c5 2. c3 Qa5 3. Nf3 Nc6 4. Na3 e6 5. Qb3 Nf6 6. e5 Nd5 7. Bb5 Qc7 8. Nc4
a6 9. Bxc6 Qxc6 10. a4 b6 11. O-O Bb7 12. d3 h6 13. Bd2 Be7 14. Rac1 f5 15. d4
O-O 16. Ne1 f4 17. f3 Qc7 18. Na3 Rac8 19. Qa2 Ne3 20. Bxe3 fxe3 21. Rc2 Bd5
22. b3 d6 23. Nd3 dxe5 24. dxe5 Rfd8 25. Rd1 Qc6 26. Ne1 Bxb3 0-1

[Event "20. Open Ciutat de Montcada 2010"]
[Site "Montcada i Reixac ESP"]
[Date "2012.06.26"]
[Round "2.16"]
[White "Gonzalez Perez, Arian"]
[Black "Severri Arrese, Carlos"]
[Result "1-0"]
[WhiteElo "2453"]
[BlackElo "2002"]
[PlyCount "92"]
[EventDate "2012.06.25"]
[EventType "swiss"]
[EventRounds "9"]
[EventCountry "ESP"]
[Source "lmi"]
[SourceDate "2012.06.25"]

1. e4 e6 2. d4 d5 3. Nc3 dxe4 4. Nxe4 Bd7 5. Nf3 Bc6 6. Ned2 Nd7 7. Bd3 g5 8.
h3 h6 9. b3 Bg7 10. Bb2 Nc5 11. Be2 Ne7 12. Nc4 Nd7 13. O-O Bd5 14. Ne3 O-O 15.
Re1 Ng6 16. c4 Bxf3 17. Bxf3 c6 18. Qc2 Nh4 19. Be2 Rc8 20. Rad1 Qc7 21. c5 Ng6
22. Nc4 Nf4 23. Bf1 Rcd8 24. b4 Nd5 25. Qb3 Rb8 26. a3 N7f6 27. Qc2 g4 28. g3
gxh3 29. Bxh3 Kh8 30. Ne5 Nd7 31. Nf3 Rbe8 32. Re4 Rg8 33. Bc1 Nf8 34. Ne5 f6
35. Nc4 f5 36. Nd6 Re7 37. Re2 b5 38. Bg2 Nh7 39. Bxd5 cxd5 40. Bf4 Qd8 41.
Rxe6 Bf6 42. Rde1 Rf8 43. c6 Ng5 44. Bxg5 Bxg5 45. Rxe7 Bxe7 46. c7 Qd7 1-0

[Event "20. Open Ciutat de Montcada 2010"]
[Site "Montcada i Reixac ESP"]
[Date "2012.06.26"]
[Round "2.17"]
[White "Martinez Ramirez, Erik"]
[Black "Panelo, Marcelo"]
[Result "1/2-1/2"]
[WhiteElo "2296"]
[BlackElo "2451"]
[PlyCount "69"]
[EventDate "2012.06.25"]
[EventType "swiss"]
[EventRounds "9"]
[EventCountry "ESP"]
[Source "lmi"]
[SourceDate "2012.06.25"]

1. e4 e5 2. Nf3 Nc6 3. d4 exd4 4. Nxd4 Nf6 5. Nxc6 bxc6 6. e5 Qe7 7. Qe2 Nd5 8.
c4 Nb6 9. Nc3 Bb7 10. b3 g6 11. Bb2 Bg7 12. Ne4 O-O 13. Nf6+ Bxf6 14. exf6 Qb4+
15. Qd2 Rfe8+ 16. Be2 Qxd2+ 17. Kxd2 d5 18. Rhe1 Rad8 19. Bf3 dxc4+ 20. Kc2
cxb3+ 21. axb3 Rxe1 22. Rxe1 Nd5 23. Bxd5 cxd5 24. Bd4 a6 25. Re7 Rc8 26. Kd3
Bc6 27. Bc5 a5 28. Kd4 a4 29. bxa4 Bxa4 30. Kxd5 Rd8+ 31. Kc4 Bc6 32. g3 Bd5+
33. Kc3 c6 34. Bd6 h5 35. Bf4 1/2-1/2

[Event "20. Open Ciutat de Montcada 2010"]
[Site "Montcada i Reixac ESP"]
[Date "2012.06.26"]
[Round "2.19"]
[White "Guerra Mendez, Jose Angel"]
[Black "Serarols Mabras, Bernat"]
[Result "1-0"]
[WhiteElo "2434"]
[BlackElo "1909"]
[PlyCount "68"]
[EventDate "2012.06.25"]
[EventType "swiss"]
[EventRounds "9"]
[EventCountry "ESP"]
[Source "lmi"]
[SourceDate "2012.06.25"]

1. e4 c6 2. d4 d5 3. Nc3 dxe4 4. Nxe4 Bf5 5. Ng3 Bg6 6. Nf3 Nd7 7. h4 h6 8. h5
Bh7 9. Bd3 Bxd3 10. Qxd3 e6 11. Bf4 Qa5+ 12. Bd2 Bb4 13. c3 Be7 14. c4 Qc7 15.
O-O Ngf6 16. Qc2 c5 17. d5 O-O 18. dxe6 fxe6 19. Rae1 Bd6 20. Ne4 Nxe4 21. Rxe4
Rf6 22. Bc3 e5 23. Nh4 Re8 24. Qe2 Rfe6 25. Nf5 Bf8 26. g4 Be7 27. f4 Bf6 28.
Qd2 Nf8 29. g5 exf4 30. gxf6 Rxe4 31. fxg7 Ne6 32. Nxh6+ Kh7 33. g8=Q+ Rxg8+
34. Nxg8 Nd4 1-0

[Event "20. Open Ciutat de Montcada 2010"]
[Site "Montcada i Reixac ESP"]
[Date "2012.06.26"]
[Round "2.20"]
[White "Capellades Subirana, Marc"]
[Black "Lorenzo De La Riva, Lazaro"]
[Result "0-1"]
[WhiteElo "2234"]
[BlackElo "2422"]
[PlyCount "46"]
[EventDate "2012.06.25"]
[EventType "swiss"]
[EventRounds "9"]
[EventCountry "ESP"]
[Source "lmi"]
[SourceDate "2012.06.25"]

1. e4 c6 2. d4 d5 3. Nc3 dxe4 4. Nxe4 Nf6 5. Nxf6+ gxf6 6. Bf4 Qb6 7. b3 Bf5 8.
a4 e5 9. dxe5 fxe5 10. Qe2 Bb4+ 11. Bd2 Nd7 12. Bxb4 Qxb4+ 13. Qd2 Qe4+ 14. Kd1
O-O-O 15. f3 Qh4 16. g3 Qf6 17. Qc3 Nb6+ 18. Ke2 Nd5 19. Qa5 e4 20. Re1 exf3+
21. Nxf3 Bg4 22. Bg2 Nc3+ 23. Kf2 Rd2+ 0-1

[Event "20. Open Ciutat de Montcada 2010"]
[Site "Montcada i Reixac ESP"]
[Date "2012.06.27"]
[Round "3.1"]
[White "Quesada Perez, Yuniesky"]
[Black "Cori, Jorge"]
[Result "1-0"]
[WhiteElo "2625"]
[BlackElo "2479"]
[PlyCount "77"]
[EventDate "2012.06.25"]
[EventType "swiss"]
[EventRounds "9"]
[EventCountry "ESP"]
[Source "lmi"]
[SourceDate "2012.06.25"]

1. e4 e5 2. Nf3 Nc6 3. Bb5 Nf6 4. O-O Nxe4 5. d4 Nd6 6. Bxc6 dxc6 7. dxe5 Nf5
8. Qxd8+ Kxd8 9. h3 Ke8 10. Nc3 b6 11. Rd1 Bb7 12. a3 Rc8 13. g4 Ne7 14. Kg2 h5
15. Kg3 c5 16. Bg5 Ng6 17. Nh4 Nxe5 18. Re1 Kd7 19. Rxe5 Bd6 20. Rd1 f6 21. f4
hxg4 22. hxg4 Kc6 23. Ng6 fxg5 24. Rxg5 Rh6 25. Ne5+ Bxe5 26. fxe5 Rg8 27. Nd5
Re6 28. c4 Ba6 29. b3 b5 30. Nf4 Ree8 31. cxb5+ Bxb5 32. e6 Rd8 33. Rxd8 Rxd8
34. a4 Ba6 35. e7 Re8 36. Rg6+ Kb7 37. Rxg7 c4 38. bxc4 Bxc4 39. Nh5 1-0

[Event "20. Open Ciutat de Montcada 2010"]
[Site "Montcada i Reixac ESP"]
[Date "2012.06.27"]
[Round "3.2"]
[White "Burmakin, Vladimir"]
[Black "Gonzalez Perez, Arian"]
[Result "1-0"]
[WhiteElo "2586"]
[BlackElo "2453"]
[PlyCount "87"]
[EventDate "2012.06.25"]
[EventType "swiss"]
[EventRounds "9"]
[EventCountry "ESP"]
[Source "lmi"]
[SourceDate "2012.06.25"]

1. Nf3 Nf6 2. g3 b5 3. Bg2 Bb7 4. b3 e6 5. c4 bxc4 6. bxc4 Be7 7. Nc3 c5 8. Rb1
Bc6 9. d3 O-O 10. O-O d6 11. Bd2 Nbd7 12. Nh4 Bxg2 13. Nxg2 Qc7 14. Qa4 Rfb8
15. Ne3 Ne5 16. Rxb8+ Rxb8 17. Nb5 Qb7 18. Rb1 Nc6 19. Rb3 Qd7 20. Bc3 Rb7 21.
Na3 h5 22. h4 Rb6 23. Rxb6 axb6 24. Qa6 Nd4 25. Bxd4 cxd4 26. Nec2 e5 27. Qxb6
Qh3 28. Ne1 d5 29. Qb8+ Bf8 30. cxd5 Ng4 31. Nf3 Ne3 32. fxe3 Qxg3+ 33. Kh1
Qh3+ 34. Nh2 Qxe3 35. Nc4 Qxe2 36. Nxe5 Qe1+ 37. Kg2 Qxh4 38. Nhf3 Qf4 39. d6
h4 40. d7 Qg3+ 41. Kf1 Qh3+ 42. Ke2 Qg2+ 43. Kd1 Qf1+ 44. Ne1 1-0

[Event "20. Open Ciutat de Montcada 2010"]
[Site "Montcada i Reixac ESP"]
[Date "2012.06.27"]
[Round "3.3"]
[White "Bakre, Tejas"]
[Black "Aroshidze, Levan"]
[Result "1/2-1/2"]
[WhiteElo "2482"]
[BlackElo "2582"]
[PlyCount "73"]
[EventDate "2012.06.25"]
[EventType "swiss"]
[EventRounds "9"]
[EventCountry "ESP"]
[Source "lmi"]
[SourceDate "2012.06.25"]

1. c4 Nf6 2. g3 g6 3. Bg2 Bg7 4. Nc3 O-O 5. e4 d6 6. Nge2 c5 7. O-O Nc6 8. d3
a6 9. a4 Rb8 10. h3 Ne8 11. Be3 Bd7 12. d4 b6 13. d5 Nb4 14. Qd2 Nc7 15. Na2
Nxa2 16. Rxa2 b5 17. axb5 axb5 18. b4 cxb4 19. c5 b3 20. Ra3 dxc5 21. Bxc5 b2
22. Bd4 b4 23. Rb3 Bxd4 24. Nxd4 Nb5 25. Nxb5 Bxb5 26. Rb1 e6 27. Rxb4 Bd7 28.
Rxb8 Qxb8 29. Qxb2 Qxb2 30. Rxb2 exd5 31. exd5 Kg7 32. Rb7 Bf5 33. f4 h5 34.
Kf2 Ra8 35. Rb2 Kf8 36. h4 Ra3 37. Rd2 1/2-1/2

[Event "20. Open Ciutat de Montcada 2010"]
[Site "Montcada i Reixac ESP"]
[Date "2012.06.27"]
[Round "3.4"]
[White "Hernandez Carmenates, Holden"]
[Black "Guerra Mendez, Jose Angel"]
[Result "1-0"]
[WhiteElo "2570"]
[BlackElo "2434"]
[PlyCount "63"]
[EventDate "2012.06.25"]
[EventType "swiss"]
[EventRounds "9"]
[EventCountry "ESP"]
[Source "lmi"]
[SourceDate "2012.06.25"]

1. Nf3 Nf6 2. d4 e6 3. c4 b6 4. Nc3 Bb4 5. Qc2 Bb7 6. a3 Bxc3+ 7. Qxc3 O-O 8.
g3 d5 9. Bg2 Nbd7 10. O-O c5 11. Rd1 Rc8 12. cxd5 Bxd5 13. Bf4 cxd4 14. Qxd4
Nc5 15. Qe5 Nb3 16. Rab1 Ng4 17. Qh5 Nf6 18. Qh4 Rc2 19. Ng5 h6 20. e4 e5 21.
Bxe5 Nd2 22. exd5 hxg5 23. Qxg5 Nxb1 24. Rxb1 Rxf2 25. d6 Re8 26. Rd1 Re2 27.
Bc3 Rxg2+ 28. Kxg2 Re2+ 29. Kf1 Rf2+ 30. Kg1 Qa8 31. Rd5 Qxd5 32. Qxd5 1-0

[Event "20. Open Ciutat de Montcada 2010"]
[Site "Montcada i Reixac ESP"]
[Date "2012.06.27"]
[Round "3.5"]
[White "Perez Mitjans, Orelvis"]
[Black "Cordova, Emilio"]
[Result "1/2-1/2"]
[WhiteElo "2471"]
[BlackElo "2566"]
[PlyCount "150"]
[EventDate "2012.06.25"]
[EventType "swiss"]
[EventRounds "9"]
[EventCountry "ESP"]
[Source "lmi"]
[SourceDate "2012.06.25"]

1. e4 c5 2. Nf3 a6 3. c4 e6 4. d4 cxd4 5. Nxd4 Nf6 6. Bd3 d6 7. Nc3 Nbd7 8. O-O
b6 9. Qe2 Bb7 10. b3 Be7 11. Bb2 O-O 12. Rad1 Qc7 13. Bb1 Rfe8 14. Rfe1 Rac8
15. Rd3 Ne5 16. Rg3 Ng6 17. Bc1 Qc5 18. Be3 Nh5 19. Rf3 Qe5 20. Qd2 Qa5 21. Na4
Qxd2 22. Bxd2 Bd8 23. Bb4 Bc7 24. Rfe3 Nf6 25. Bd3 Ng4 26. Rg3 h5 27. h3 N4e5
28. Bf1 Nd7 29. Rge3 Nc5 30. Nc3 Bd8 31. Rd1 Bg5 32. Ree1 Bf6 33. Ba3 Red8 34.
Rd2 Ne5 35. Bb2 Kf8 36. Ba3 Kg8 37. Bb2 h4 38. Rdd1 g5 39. Nc2 Ng6 40. f3 a5
41. Ne3 Bc6 42. Rd2 Bg7 43. Red1 Nb7 44. Ng4 Ne5 45. Nxe5 Bxe5 46. Ne2 Bxb2 47.
Rxb2 Be8 48. Nc3 Kf8 49. Rbd2 Ke7 50. Kf2 Rc5 51. Be2 f6 52. Bf1 Rcc8 53. Ke3
Nc5 54. Kf2 Bc6 55. Re1 Nd7 56. Red1 Ne5 57. Be2 Be8 58. a4 Rc5 59. Bf1 Rcc8
60. Be2 Bc6 61. Bf1 Rd7 62. Be2 Ng6 63. Bf1 Nf4 64. Re1 Bb7 65. Nb5 Ba6 66. Nc3
Rc5 67. Kg1 Kd8 68. Red1 Kc7 69. Kf2 Ng6 70. Kg1 Ne5 71. Kf2 Nc6 72. Be2 Nb4
73. Bf1 Rc6 74. Be2 Rc5 75. Bf1 Nc6 1/2-1/2

[Event "20. Open Ciutat de Montcada 2010"]
[Site "Montcada i Reixac ESP"]
[Date "2012.06.27"]
[Round "3.7"]
[White "Lorenzo De La Riva, Lazaro"]
[Black "Cuartas, Jaime Alexander"]
[Result "0-1"]
[WhiteElo "2422"]
[BlackElo "2523"]
[PlyCount "92"]
[EventDate "2012.06.25"]
[EventType "swiss"]
[EventRounds "9"]
[EventCountry "ESP"]
[Source "lmi"]
[SourceDate "2012.06.25"]

1. e4 c5 2. Nf3 Nc6 3. d4 cxd4 4. Nxd4 Qb6 5. Nb3 Nf6 6. Nc3 e6 7. Qe2 Bb4 8.
Bd2 O-O 9. a3 Bxc3 10. Bxc3 e5 11. O-O-O Qc7 12. g4 d6 13. g5 Nd7 14. f4 exf4
15. Qf2 Nc5 16. Nxc5 dxc5 17. Qxc5 Bg4 18. Re1 Rac8 19. Bb5 Rfe8 20. Qf2 Bh5
21. Rhf1 a6 22. Ba4 b5 23. Bb3 f3 24. Qh4 g6 25. Kb1 a5 26. Bf6 a4 27. Bd5 Ne7
28. Rc1 Nxd5 29. exd5 Qc5 30. Rfd1 f2 31. Rd2 Re2 32. Qf4 Qc4 33. Rd4 Qc7 34.
d6 Qd7 35. Rd5 Rcxc2 36. Rxc2 Rxc2 37. Bd4 Be2 38. Bxf2 Rc8 39. Rd2 Bg4 40. Rd4
Bf5+ 41. Ka1 Qc6 42. Rd1 Qc2 43. Re1 Be6 44. d7 Bxd7 45. Bd4 Be6 46. Be3 Rc3
0-1

[Event "20. Open Ciutat de Montcada 2010"]
[Site "Montcada i Reixac ESP"]
[Date "2012.06.27"]
[Round "3.8"]
[White "Ibarra Jerez, Jose Carlos"]
[Black "Pardo Simon, David"]
[Result "1-0"]
[WhiteElo "2523"]
[BlackElo "2421"]
[PlyCount "47"]
[EventDate "2012.06.25"]
[EventType "swiss"]
[EventRounds "9"]
[EventCountry "ESP"]
[Source "lmi"]
[SourceDate "2012.06.25"]

1. d4 d5 2. Nc3 g6 3. e4 dxe4 4. Nxe4 Bg7 5. Nf3 Bg4 6. Bc4 e6 7. c3 Nd7 8. h3
Bxf3 9. Qxf3 Ne7 10. Ng5 O-O 11. Qxb7 Nb6 12. Be2 Ned5 13. O-O Qd7 14. Qa6 Rab8
15. a4 e5 16. dxe5 Bxe5 17. Rd1 Qe7 18. a5 Nf4 19. Nf3 Nbd5 20. Nxe5 Qxe5 21.
Bf3 Rfd8 22. Qxa7 Qf5 23. Bxf4 Nxf4 24. Rxd8+ 1-0

[Event "20. Open Ciutat de Montcada 2010"]
[Site "Montcada i Reixac ESP"]
[Date "2012.06.27"]
[Round "3.11"]
[White "Cornette, Matthieu"]
[Black "Rios, Cristhian Camilo"]
[Result "1/2-1/2"]
[WhiteElo "2552"]
[BlackElo "2372"]
[PlyCount "49"]
[EventDate "2012.06.25"]
[EventType "swiss"]
[EventRounds "9"]
[EventCountry "ESP"]
[Source "lmi"]
[SourceDate "2012.06.25"]

1. e4 c5 2. Nf3 e6 3. d4 cxd4 4. Nxd4 Nf6 5. Nc3 d6 6. g4 h6 7. h4 Be7 8. Be3
a6 9. Qf3 h5 10. gxh5 Nxh5 11. O-O-O Nc6 12. Qg2 Qc7 13. Be2 g6 14. Bg5 Bd7 15.
Bxe7 Nxe7 16. Qg5 f6 17. Qd2 O-O-O 18. Bg4 e5 19. Ne6 Bxe6 20. Bxe6+ Kb8 21.
Ne2 Ng7 22. Bb3 Qc5 23. f4 f5 24. fxe5 Qxe5 25. exf5 1/2-1/2

[Event "20. Open Ciutat de Montcada 2010"]
[Site "Montcada i Reixac ESP"]
[Date "2012.06.27"]
[Round "3.13"]
[White "Saptarshi, Roy"]
[Black "Libiszewski, Fabien"]
[Result "1-0"]
[WhiteElo "2394"]
[BlackElo "2495"]
[PlyCount "89"]
[EventDate "2012.06.25"]
[EventType "swiss"]
[EventRounds "9"]
[EventCountry "ESP"]
[Source "lmi"]
[SourceDate "2012.06.25"]

1. e4 e6 2. d4 d5 3. Nc3 Nf6 4. Bg5 Be7 5. Bxf6 Bxf6 6. Nf3 Nc6 7. Bb5 O-O 8.
e5 Be7 9. O-O Nb8 10. Ne2 b6 11. Nf4 c6 12. Ba4 Ba6 13. Re1 Bb5 14. Bb3 c5 15.
a4 Be8 16. c3 Bg5 17. Nh3 Bh6 18. g4 g6 19. g5 Bg7 20. Nf4 cxd4 21. cxd4 Nc6
22. h4 Rc8 23. Nh2 Qe7 24. Rc1 Bd7 25. Nf3 h5 26. Ba2 Nb4 27. Rxc8 Rxc8 28. Bb1
Qe8 29. b3 Rc3 30. Nh2 Qc8 31. Nxg6 fxg6 32. Bxg6 Nc2 33. Bxc2 Rxc2 34. Qxh5
Qf8 35. Ng4 Be8 36. g6 Qf4 37. Kg2 Kf8 38. Re3 Rxf2+ 39. Nxf2 Qxe3 40. Qg4 Ke7
41. h5 Bh6 42. g7 Bxh5 43. Qh4+ Kd7 44. Qxh5 Bxg7 45. Qf7+ 1-0

[Event "20. Open Ciutat de Montcada 2010"]
[Site "Montcada i Reixac ESP"]
[Date "2012.06.27"]
[Round "3.14"]
[White "Vojinovic, Jovana"]
[Black "Munoz Pantoja, Miguel"]
[Result "0-1"]
[WhiteElo "2375"]
[BlackElo "2484"]
[PlyCount "120"]
[EventDate "2012.06.25"]
[EventType "swiss"]
[EventRounds "9"]
[EventCountry "ESP"]
[Source "lmi"]
[SourceDate "2012.06.25"]

1. d4 Nf6 2. c4 c5 3. d5 g6 4. Nc3 Bg7 5. g3 O-O 6. Bg2 d6 7. Nf3 e5 8. e4 Ne8
9. h4 h6 10. h5 g5 11. Nh2 f5 12. exf5 Bxf5 13. g4 Bh7 14. Be4 Bxe4 15. Nxe4
Nd7 16. Qd3 b5 17. cxb5 a6 18. bxa6 Qa5+ 19. Bd2 Qxa6 20. Qxa6 Rxa6 21. Nf1 Ra4
22. Nfg3 Ndf6 23. Nxf6+ Nxf6 24. f3 e4 25. b3 Rd4 26. Nf5 Rd3 27. O-O-O Rxf3
28. Ne3 Nd7 29. Nf5 Ne5 30. Nxg7 Kxg7 31. Rhg1 c4 32. bxc4 Rc8 33. Kb1 Rxc4 34.
Bc1 Rf2 35. Be3 Rb4+ 36. Ka1 Re2 37. Bd4 Rxd4 38. Rxd4 Nf3 39. Rgd1 Nxd4 40.
Rxd4 Kf6 41. Kb1 Ke5 42. Rd1 Rf2 43. a4 e3 44. Re1 Kd4 45. a5 Rf7 46. Kc2 Rc7+
47. Kb3 Rb7+ 48. Kc2 Rc7+ 49. Kb3 Kd3 50. a6 Ra7 51. Rd1+ Ke4 52. Ra1 Kxd5 53.
Kc2 Ke4 54. Ra4+ Kf3 55. Kd1 d5 56. Ra5 d4 57. Rf5+ Kxg4 58. Rf6 d3 59. Re6
Kxh5 60. Rxe3 Rxa6 0-1

[Event "20. Open Ciutat de Montcada 2010"]
[Site "Montcada i Reixac ESP"]
[Date "2012.06.27"]
[Round "3.15"]
[White "Panelo, Marcelo"]
[Black "Pozanco Romasanta, Marc"]
[Result "1-0"]
[WhiteElo "2451"]
[BlackElo "2018"]
[PlyCount "55"]
[EventDate "2012.06.25"]
[EventType "swiss"]
[EventRounds "9"]
[EventCountry "ESP"]
[Source "lmi"]
[SourceDate "2012.06.25"]

1. d4 d5 2. c4 c6 3. Nf3 Nf6 4. Nc3 dxc4 5. a4 Bf5 6. Nh4 Bg6 7. Nxg6 hxg6 8.
e4 e5 9. Be3 Nbd7 10. Bxc4 Bd6 11. h3 Nb6 12. Bb3 Bb4 13. Bxf7+ Kxf7 14. Qb3+
Nbd5 15. exd5 Nxd5 16. O-O Bxc3 17. bxc3 Qd7 18. c4 Ne7 19. dxe5 Rxh3 20. gxh3
Qxh3 21. c5+ Nd5 22. Qxb7+ Ne7 23. e6+ Qxe6 24. Bf4 Rd8 25. Rfe1 Qg4+ 26. Bg3
Rd7 27. Qb3+ Nd5 28. Qb8 1-0

[Event "20. Open Ciutat de Montcada 2010"]
[Site "Montcada i Reixac ESP"]
[Date "2012.06.27"]
[Round "3.16"]
[White "Navarro Ortiz De Orruno, Borja"]
[Black "Escobar Forero, Alder"]
[Result "1-0"]
[WhiteElo "2348"]
[BlackElo "2448"]
[PlyCount "89"]
[EventDate "2012.06.25"]
[EventType "swiss"]
[EventRounds "9"]
[EventCountry "ESP"]
[Source "lmi"]
[SourceDate "2012.06.25"]

1. d4 Nf6 2. Nf3 d6 3. g3 g6 4. Bg2 Bg7 5. c4 O-O 6. O-O Nbd7 7. Nc3 e5 8. h3
Re8 9. e4 exd4 10. Nxd4 Nc5 11. Re1 Bd7 12. Rb1 Qc8 13. Kh2 a6 14. b4 Ne6 15.
Nxe6 Bxe6 16. Nd5 Nd7 17. Bb2 Bxb2 18. Rxb2 b5 19. cxb5 axb5 20. f4 Ra3 21. Rc2
c5 22. e5 dxe5 23. bxc5 Bxd5 24. Qxd5 Nf6 25. Qc6 Qd8 26. Qxb5 exf4 27. Rxe8+
Nxe8 28. gxf4 Nc7 29. Qe2 Ne6 30. c6 Ra5 31. Qd2 Qc7 32. Rc4 Ra7 33. Kh1 Qb8
34. Rb4 Qc7 35. Rb7 Rxb7 36. cxb7 Nxf4 37. Qb2 Qb8 38. Qc3 Qd6 39. Qc8+ Kg7 40.
b8=Q Qd1+ 41. Kh2 Ne2 42. Qe5+ f6 43. Qe7+ Kh6 44. Qcf8+ Kg5 45. Qexf6+ 1-0

[Event "20. Open Ciutat de Montcada 2010"]
[Site "Montcada i Reixac ESP"]
[Date "2012.06.27"]
[Round "3.17"]
[White "Lopez Martinez, Josep Manuel"]
[Black "Arjun, Bharat"]
[Result "1-0"]
[WhiteElo "2506"]
[BlackElo "2231"]
[PlyCount "93"]
[EventDate "2012.06.25"]
[EventType "swiss"]
[EventRounds "9"]
[EventCountry "ESP"]
[Source "lmi"]
[SourceDate "2012.06.25"]

1. e4 c5 2. Nf3 d6 3. d4 cxd4 4. Nxd4 Nf6 5. Nc3 g6 6. g3 Bg7 7. Bg2 O-O 8. O-O
Bd7 9. h3 Nc6 10. Nde2 Rc8 11. a4 Be6 12. Be3 Bc4 13. Re1 Nd7 14. Rb1 a6 15.
Nd5 b5 16. axb5 axb5 17. Qd2 Nde5 18. b3 Bxe2 19. Rxe2 Nd7 20. Rd1 Re8 21. f4
e5 22. c3 Nc5 23. f5 b4 24. cxb4 Nxb3 25. Qa2 Nbd4 26. Rf2 Kh8 27. h4 f6 28.
fxg6 hxg6 29. Bh3 Rb8 30. Qc4 Rf8 31. Rdf1 Rb7 32. Kg2 Rbf7 33. h5 gxh5 34. b5
Na5 35. Qd3 Nab3 36. Qd1 Kg8 37. Qxh5 f5 38. Bxf5 Nxf5 39. Rxf5 Rxf5 40. Rxf5
Nd4 41. Rxf8+ Qxf8 42. b6 Qa8 43. Bxd4 exd4 44. Ne7+ Kf8 45. Qd5 Qa6 46. Ng6+
Ke8 47. Qe6+ 1-0

[Event "20. Open Ciutat de Montcada 2010"]
[Site "Montcada i Reixac ESP"]
[Date "2012.06.27"]
[Round "3.19"]
[White "Wilschut, Peter"]
[Black "Cruz, Filemon"]
[Result "1-0"]
[WhiteElo "2233"]
[BlackElo "2404"]
[PlyCount "147"]
[EventDate "2012.06.25"]
[EventType "swiss"]
[EventRounds "9"]
[EventCountry "ESP"]
[Source "lmi"]
[SourceDate "2012.06.25"]

1. c4 c5 2. Nc3 b6 3. e4 e6 4. g3 Bb7 5. Bg2 d6 6. Nge2 a6 7. O-O Nf6 8. a3 Qc7
9. d3 Be7 10. b4 cxb4 11. axb4 Nbd7 12. b5 a5 13. Na4 O-O 14. h3 Rfe8 15. Bf4
Ne5 16. Be3 Nfd7 17. Rc1 Rac8 18. f4 Ng6 19. Nd4 Nc5 20. f5 exf5 21. Nxf5 Bf6
22. Nh6+ gxh6 23. Rxf6 Nxa4 24. Qxa4 d5 25. Bxb6 Qxg3 26. Rf3 Qg5 27. Be3 Qe7
28. cxd5 Rxc1+ 29. Bxc1 Bxd5 30. Qd4 Bb7 31. Bb2 Ne5 32. Rg3+ Kh8 33. Qe3 Qf6
34. Bxe5 Qxe5 35. d4 Qc7 36. e5 Rg8 37. Rxg8+ Kxg8 38. d5 Qc4 39. e6 fxe6 40.
Qxe6+ Kg7 41. Qe7+ Kg8 42. Qxb7 Qd4+ 43. Kf1 Qf4+ 44. Ke2 Qe5+ 45. Kd3 Qg3+ 46.
Kd4 Qxg2 47. Qc8+ Kf7 48. Qe6+ Kf8 49. Qxh6+ Ke8 50. Qe3+ Kd7 51. Qe6+ Kd8 52.
Kc5 a4 53. Qf6+ Kd7 54. Qf5+ Kd8 55. Kc6 Qg7 56. Qf4 Qc3+ 57. Kb6 a3 58. Qf8+
Kd7 59. Qf7+ Kd8 60. Qg8+ Kd7 61. Qe6+ Kd8 62. Qd6+ Kc8 63. Qe6+ Kd8 64. d6 Qg7
65. h4 h5 66. Ka6 Qd7 67. Qg8+ Qe8 68. Qd5 Qd7 69. Kb6 a2 70. Qg8+ Qe8 71. Qxa2
Qe3+ 72. Ka6 Kd7 73. Qd5 Qa3+ 74. Kb7 1-0

[Event "20. Open Ciutat de Montcada 2010"]
[Site "Montcada i Reixac ESP"]
[Date "2012.06.27"]
[Round "3.20"]
[White "Aloma Vidal, Robert"]
[Black "Bendayan Claros, Aaron"]
[Result "1-0"]
[WhiteElo "2402"]
[BlackElo "2199"]
[PlyCount "89"]
[EventDate "2012.06.25"]
[EventType "swiss"]
[EventRounds "9"]
[EventCountry "ESP"]
[Source "lmi"]
[SourceDate "2012.06.25"]

1. d4 Nf6 2. Nf3 d5 3. c4 e6 4. g3 dxc4 5. Bg2 Nc6 6. Qa4 Bb4+ 7. Bd2 Nd5 8.
Bxb4 Ndxb4 9. O-O Rb8 10. Nc3 a6 11. Ne5 O-O 12. Nxc6 Nxc6 13. Bxc6 bxc6 14.
Qxc4 Qd6 15. Ne4 Qd5 16. Qxd5 cxd5 17. Nc5 Rxb2 18. e3 f6 19. Rfb1 Rxb1+ 20.
Rxb1 e5 21. Rb8 exd4 22. exd4 Kf7 23. f3 Re8 24. Kf2 Ke7 25. Ra8 h5 26. a4 g5
27. h4 Kd6 28. Nxa6 Bd7 29. Rxe8 Bxe8 30. Nc5 Kc6 31. hxg5 fxg5 32. f4 gxf4 33.
gxf4 Kd6 34. a5 Ke7 35. Na6 Kd6 36. Kg3 Bc6 37. Kh4 Ke6 38. Kg5 h4 39. Nc5+ Kf7
40. Kxh4 Kf6 41. Kg4 Bb5 42. f5 Bc6 43. Kf4 Bb5 44. a6 Bc6 45. a7 1-0

[Event "20. Open Ciutat de Montcada 2010"]
[Site "Montcada i Reixac ESP"]
[Date "2012.06.28"]
[Round "4.1"]
[White "Hernandez Carmenates, Holden"]
[Black "Quesada Perez, Yuniesky"]
[Result "1/2-1/2"]
[WhiteElo "2570"]
[BlackElo "2625"]
[PlyCount "111"]
[EventDate "2012.06.25"]
[EventType "swiss"]
[EventRounds "9"]
[EventCountry "ESP"]
[Source "lmi"]
[SourceDate "2012.06.25"]

1. Nf3 Nf6 2. c4 b6 3. Nc3 Bb7 4. d4 e6 5. a3 d5 6. cxd5 Nxd5 7. Qc2 Be7 8. e4
Nxc3 9. bxc3 O-O 10. c4 Nd7 11. Bb2 g6 12. Bd3 Bf6 13. e5 Bg7 14. Be4 Bxe4 15.
Qxe4 c5 16. O-O cxd4 17. Bxd4 Rc8 18. Rfc1 Nc5 19. Qc2 Qc7 20. a4 Rfd8 21. Bxc5
Qxc5 22. Qe4 Rd7 23. g3 Rdc7 24. a5 bxa5 25. Ra4 Rb8 26. Rc2 Rb4 27. Rca2 Rxa4
28. Rxa4 Bf8 29. h4 Rd7 30. h5 Qb6 31. hxg6 hxg6 32. Ra1 Qd8 33. Kg2 Rd3 34.
Rc1 a4 35. c5 Qd5 36. Qe2 Rb3 37. c6 Rb8 38. c7 Rc8 39. Qa6 Qd7 40. Qxa7 Bh6
41. Rc4 a3 42. Qxa3 Rxc7 43. Rd4 Qe8 44. Qd3 Rc8 45. Rd7 Ra8 46. Nh2 Bg7 47.
Ng4 Qc8 48. Qd6 Qa6 49. Qxa6 Rxa6 50. f4 Ra5 51. Kh3 g5 52. fxg5 Bxe5 53. Nh6+
Kg7 54. Nxf7 Kg6 55. Nd8 Rd5 56. Nxe6 1/2-1/2

[Event "20. Open Ciutat de Montcada 2010"]
[Site "Montcada i Reixac ESP"]
[Date "2012.06.28"]
[Round "4.3"]
[White "Aroshidze, Levan"]
[Black "Ibarra Jerez, Jose Carlos"]
[Result "1/2-1/2"]
[WhiteElo "2582"]
[BlackElo "2523"]
[PlyCount "34"]
[EventDate "2012.06.25"]
[EventType "swiss"]
[EventRounds "9"]
[EventCountry "ESP"]
[Source "lmi"]
[SourceDate "2012.06.25"]

1. e4 c5 2. Nf3 e6 3. d4 cxd4 4. Nxd4 a6 5. Bd3 Nf6 6. O-O e5 7. Bg5 h6 8. Bxf6
Qxf6 9. Nf5 g6 10. Ne3 Bc5 11. Nc3 d6 12. Ncd5 Qd8 13. a4 Be6 14. b4 Ba7 15. a5
O-O 16. c3 Nd7 17. Bc4 Rc8 1/2-1/2

[Event "20. Open Ciutat de Montcada 2010"]
[Site "Montcada i Reixac ESP"]
[Date "2012.06.28"]
[Round "4.4"]
[White "Perez Mitjans, Orelvis"]
[Black "Peralta, Fernando"]
[Result "0-1"]
[WhiteElo "2471"]
[BlackElo "2590"]
[PlyCount "52"]
[EventDate "2012.06.25"]
[EventType "swiss"]
[EventRounds "9"]
[EventCountry "ESP"]
[Source "lmi"]
[SourceDate "2012.06.25"]

1. e4 c6 2. Nf3 d5 3. exd5 cxd5 4. Ne5 Nc6 5. d4 e6 6. c3 Bd6 7. Bb5 Nge7 8.
O-O O-O 9. Qe2 Qc7 10. f4 f6 11. Nd3 Bd7 12. Bxc6 Nxc6 13. Nd2 Rae8 14. Nf3 Na5
15. g3 Bb5 16. Rd1 Nc6 17. Qc2 e5 18. fxe5 fxe5 19. Ndxe5 Bxe5 20. Nxe5 Nxe5
21. dxe5 Qb6+ 22. Rd4 Rxe5 23. Bf4 Re2 24. Qb3 Rxf4 25. Qxd5+ Rf7 26. Rf1 Rg2+
0-1